000 00368nam a22001217a 4500
999 _c5356
_d5356
008 250909b ||||| |||| 00| 0 eng d
020 _a9781474966849
082 _a823.92 BET
100 _aBETHELL,ZILLAH
_eAUTHOR
_lENGLISH
245 _aTHE SHARK CALLER
260 _a83-85 SAFFRON HILL,LONDON EC1N 8RT,ENGLAND
_bUSBORNE PUBLISHING LTD.,USBORNE HOUSE
_c2021
942 _2ddc